01005nam a2200217 a 450000100100000000500170001000800410002704000250006808200190009310000290011224500690014126000390021030000210024958601450027059000760041560000370049191000370052804900090056595201960057499900170077000003479120240306073910.0111019s1941 cu 000 0 spa d aDO-SdBNPbspacBNPHU a972.91bM378zm1 aMendez, Isidro M.96028810aMartí :bestudio crítico y biográfico /cM. Isidro Mendez. aLa Habana, Cuba :b[s. n.],c1941. a310 p. ;c24 cm. aObra premiada en el Concurso Literario Inter-americano de la Comisión Central Pro-Monumento a Martí celebrado en la Habana el año 1939 aPerteneció a la biblioteca personal de Juan Isidro Jimenes Grullón.10aMartí, José,d1853-18959645 aValidado. Control de calidad MFF aBNPD 001052708MOaGRbGRcHDd2011-10-19iLF1l0o972.91 M378zmp34791-10r2020-06-25w2020-06-25y2zPerteneció a la biblioteca personal de Juan Isidro Jimenes -GrullónZPréstamo interno c34282d34282